00605cam a2200205 i 450000100060000000300080000600500170001400800390003103500190007004000270008904100080011608200260012410000300015024500370018026000670021730000210028450400200030560000290032565100450035436193BD-RjUL20211209052440.0140617s1974 pk 001 0aeng a(BD-RjUL)36290 aDLCcDLCdBD-RjULbeng aeng00a954.0350924bHAI 19741 aHashim, Abul,d1905-1974.10aIn retrospection /cAbul Hashim. aDacca :bSubarna Publishers : distributor, Mowla Bros.,c1974. a194 p. ;c22 cm. aIncludes index.00aAbul Hashim,d1905-1974. 0aBengal (India)xPolitics and government.